000 00932nam a2200277 a 4500
001 67351
003 BD-RjUL
005 20211209081636.0
008 170323s1963 nyua 001 0 eng
035 _a(BD-RjUL)67482
040 _aDLC/ICU
_cICU
_dBD-RjUL
_beng
041 _aeng
082 0 0 _a539.75
_223
_bWIN 1963
100 1 _aWilson, Richard.
_9199548
245 1 4 _aThe nucleon-nucleon interaction :
_bexperimental and phenomenological aspects /
_cRichard Wilson.
260 _aNew York :
_bInterscience Publishers,
_cc1963.
300 _aix, 249 p. :
_bill. ;
_c21 cm.
490 1 _aInterscience tracts on physics and astronomy,
500 _aIncludes Index.
650 0 _aNuclear reactions.
_9199549
650 0 _aNuclear physics
_xExperiments.
_9199550
650 0 _aNuclear physics
_xInstruments.
_945986
830 0 _aInterscience tracts on physics and astronomy ;
_9199552
942 _2ddc
_cBK
999 _c67351
_d67351